Financial accounting (Record no. 312103)
[ view plain ]
| 000 -LEADER | |
|---|---|
| fixed length control field | 00552nam a22002177a 4500 |
| 005 - DATE & TIME | |
| control field | 20240108163808.0 |
| 008 - FIXED-LENGTH DATA ELEMENTS--GENERAL INFORMATION | |
| fixed length control field | 231229b |||||||| |||| 00| 0 eng d |
| 020 ## - ISBN | |
| International Standard Book Number | 9789356330207 |
| Price | Rs. 850.00 |
| 040 ## - CATALOGING SOURCE | |
| Original cataloging agency | VIVEKANANDA LIBRARY |
| 082 ## - DDC NUMBER | |
| Classification number | 657.48 |
| Book Number | M278F(7) |
| 100 ## - MAIN ENTRY--PERSONAL NAME | |
| Personal name | Maheshwari, S N |
| 245 ## - TITLE STATEMENT | |
| Title | Financial accounting |
| 250 ## - EDITION STATEMENT | |
| Edition statement | 7th |
| 260 ## - PUBLICATION, DISTRIBUTION, ETC. (IMPRINT) | |
| Place of publication, distribution, etc | Noida |
| Name of publisher, distributor, etc | Vikas Publishing House |
| Date of publication, distribution, etc | 2023 |
| 300 ## - PHYSICAL DESCRIPTION | |
| Pages | v. |
| 650 ## - Subject | |
| Subject | Accounting |
| 650 ## - Subject | |
| Subject | Financial Accounting |
| 700 ## - Added Entry Personal Name | |
| Added Entry Personal Name | Maheshwari, Suneel K |
| 700 ## - Added Entry Personal Name | |
| Added Entry Personal Name | Maheshwari, Sharad K |
| 942 ## - ADDED ENTRY ELEMENTS (KOHA) | |
| Koha item type | Books |
| Withdrawn status | Lost status | Source of classification or shelving scheme | Damaged status | Not for loan | Location (home branch) | Sublocation or collection (holding branch) | Date acquired | Koha issues (times borrowed) | Koha full call number | Accession No. | Koha date last seen | Koha item type |
|---|---|---|---|---|---|---|---|---|---|---|---|---|
| Dewey Decimal Classification | VIVEKANANDA LIBRARY | VIVEKANANDA LIBRARY | 29/12/2023 | 4 | 657.48 M278F(7) | 408481 | 31/12/2025 | Books | ||||
| Dewey Decimal Classification | VIVEKANANDA LIBRARY | VIVEKANANDA LIBRARY | 29/12/2023 | 3 | 657.48 M278F(7) | 408482 | 15/04/2026 | Books |
